Cuentos de los años felices /

Guardado en:
Autor Principal: Soriano, Osvaldo
Formato: Libro
Publicado: Buenos Aires : Sudamericana, 1993
Materias:
Etiquetas: Agregar Etiqueta
Sin Etiquetas, Sea el primero en etiquetar este registro!
LEADER 00576nam a22002055a 4500
001 CEM.cems018505
005 20151029111550.0
008 130507s1993##################000#0#####d
003 CEMS
020 |a 9500709058 
082 0 4 |a A868.4 
100 1 |a Soriano, Osvaldo 
245 1 0 |a Cuentos de los años felices /  |c Osvaldo Soriano 
260 |a Buenos Aires :  |b Sudamericana,  |c 1993 
300 |a 246 p. 
653 |a Literatura 
653 |a Literatura argentina 
653 |a Narrativa 
653 |a Narrativa argentina 
859 |a CEMS  |b BIB. CEMS - Agricultura  |h A868.4  |i So68  |p A2203.14  |t Ej.1